|
|
|
|
| LEADER |
00000nab a2200000 a 4500 |
| 001 |
vtls000777410 |
| 003 |
SK-MaSNL |
| 005 |
20260304113738.0 |
| 008 |
250429c2001 xo 0 slo |
| 015 |
|
|
|a SNBRB2001/12-35333
|
| 035 |
|
|
|a CLN000129195
|
| 035 |
|
|
|a urn:nbn:sk:snk-ab21ba
|
| 035 |
|
|
|a (urnnbn)urn:nbn:sk:snk:ar-a01egr
|
| 035 |
|
|
|a (uuid)1a45c959-32ae-449d-9082-88953903ab4e
|
| 040 |
|
|
|a SNKBUCL
|b slo
|c SNKBUCL
|e AACR2
|
| 041 |
0 |
|
|a slo
|
| 044 |
|
|
|a xo
|c SK
|
| 080 |
|
|
|a 654.191(410)
|2 1997
|
| 080 |
|
|
|a 7.096
|2 1997
|
| 100 |
1 |
|
|a Serečinová, Andrea
|4 ain
|9 680704
|
| 245 |
1 |
0 |
|a BBC Rádio 3: Neviete čo máte radi, kým to neskúsite!
|c Andrea Serečinová, Graham Dixon
|
| 610 |
|
7 |
|a BBC Radio 3 (Veľká Británia)
|2 snkbucl
|9 1417475
|
| 655 |
|
7 |
|a články z novín a časopisov
|2 snkbucl
|9 267496
|
| 700 |
1 |
|
|a Dixon, Graham
|4 aut
|9 1417476
|
| 773 |
0 |
|
|t Hudobný život
|g Roč. 33, č. 10 (2001), s. 40-41
|x 1335-4140
|
| 850 |
|
|
|a Slovenská národná knižnica
|
| 852 |
|
|
|a Slovenská národná knižnica
|
| 954 |
|
|
|a odborná, vedecká literatúra pôvodná (slovenská)
|2 lita
|
| 958 |
|
|
|a article27
|
| 958 |
|
|
|a OND
|
| 958 |
|
|
|a GB
|
| 958 |
|
|
|a EUIPO
|
| 992 |
|
|
|a RBX
|
| 999 |
|
|
|c 2870619
|d 2872549
|